Population growth, modernization and environmental degradation/ (Record no. 7975)

MARC details
000 -LEADER
fixed length control field 00620 a2200181 4500
010 ## - LCCN (DPL NO)
LC control number ENG-88276
020 ## - INTERNATIONAL STANDARD BOOK NUMBER
International Standard Book Number 8174875174
Terms of availability 450.00
035 ## - SYSTEM CONTROL NUMBER
System control number EN-71809
037 ## - SOURCE OF ACQUISITION
Source of stock number/acquisition DBAD / PUB
082 14 - DEWEY DECIMAL CLASSIFICATION NUMBER
Classification number 363.96
100 1# - MAIN ENTRY--PERSONAL NAME
Personal name Arvind Kumar Singh
245 1# - TITLE STATEMENT
Title Population growth, modernization and environmental degradation/
Statement of responsibility, etc by Arvind Kumar Singh
260 ## - PUBLICATION, DISTRIBUTION, ETC. (IMPRINT)
Place of publication, distribution, etc New Delhi
Name of publisher, distributor, etc Radha Publications
Date of publication, distribution, etc 2007
270 ## - ADDRESS
Address 423/1, Ansari Road, Daryaganj
City New Delhi
Postal code 110 002
Telephone number 011-23254306
300 ## - PHYSICAL DESCRIPTION
Extent xix, 162 p.
Dimensions 21cm (Hb)
Other physical details fig.
500 ## - GENERAL NOTE
General note Includes bibliographical refrences
942 ## - ADDED ENTRY ELEMENTS (KOHA)
Institution code [OBSOLETE] dpl
Item type English Books
Source of classification or shelving scheme Dewey Decimal Classification
Classification part 363.96
Call number suffix ARV
Holdings
Withdrawn status Lost status Not for loan Collection code Home library Current library Source of acquisition Cost, normal purchase price Full call number Barcode Copy number Cost, replacement price Koha item type
    Not For Loan Non-fiction D.B.Act.Division D.B.Act.Division DBAD/PUB 450.00 363.96 ARV EN-71809 1 450.00 English Books

© Delhi Public Library
Hit Counter
free hit counter